01044nam a2200253 u 450000100100000000500170001000800410002702000150006804000250008304100390010808200130014710000270016024000960018724501180028326000440040130000210044549000100046653401210047670000340059783000160063104900090064795201170065699900170077300002524420200930023644.0110211s1991 ag r 001 0 spa d a9506941505 aDO-SdBNPbspacBNPHU17aspaheng2Código de idiomas MARC ann*bnn*1 aBerger, John J.95173610aRestoring the earth. How americans are working to renew our damaged environment.lEspañol13aLa naturaleza herida :biniciativas para recuperar la tierra /cJohn J. Berger ; traducción de Cristina Piña. aBuenos Aires :bLatinoamericano,c1991. a199 p. ;c23 cm.1 aTemas aTítulo del original en inglés :tRestoring the earth. How americans are working to renew our damaged environment1 aPiña, Cristina,etr.947086 0aTemas99064 aBNGR 001054708MOaGRbGRcCTd2011-02-11iLF1l0onn* nn*p25244-10r2020-06-25w2020-06-25y4ZPréstamo en sala c24737d24737